Movies Quiz

Random Movies or James Bond Quiz

James Bond Trivia Quiz Stats

 Plays Quiz not verified by Sporcle

Support Sporcle.
Go Orange.
Score 0/22 Timer 05:00
0 Plays Today
Trivia Film % Correct
Which film marked Sean Connery's last official Bond appearance?Diamonds Are Forever
89.9%
Which was the only Roger Moore film to feature Felix Leiter?Live and Let Die
80.9%
Which film is partially set in Afghanistan?The Living Daylights
79.6%
Which film was released the same year as the unofficial Bond 'Never Say Never Again'?Octopussy
69%
Which film marked the final appearance of Desmond Llewelyn as Q?The World Is Not Enough
68.1%
Which film features the first black Felix Leiter?Casino Royale
66.6%
In which film do we first see the face of Ernst Stavro Blofeld?You Only Live Twice
60%
Which was the first official film to feature an Oscar winner as a Bond girl?Die Another Day
56%
In which film did Ian Fleming make a cameo appearance?From Russia With Love
53.8%
Which film marks the only time an actor playing Bond had his voice dubbed?On Her Majesty's Secret Service
52.7%
In which film do we see the theme song's singer in the opening credits?For Your Eyes Only
51.4%
Trivia Film % Correct
Which film has the highest box-office adjusted for inflation?Thunderball
50.5%
Which film features 'John Steed' from The Avengers?A View To A Kill
45.9%
The principal Bond girl of which film later appears in a Fleming novel?Dr. No
37.4%
Which film was John Glen's last as director?Licence to Kill
35.2%
In which film does Bond first use the alias 'Robert Stirling'?The Spy Who Loved Me
33.8%
Which is the shortest film in the series?Quantum of Solace
32.1%
Which film features Ian Fleming's cousin?The Man With the Golden Gun
31.4%
Which film marks the first time an actor playing a villain has returned as an ally?Goldeneye
31.2%
In which film does Bond first ride a horse?Moonraker
30.1%
Which film was directed by Roger Spottiswoode?Tomorrow Never Dies
30.1%
Which was the first Bond film banned in Israel?Goldfinger
25.1%

You're not logged in!

Compare scores with friends on all Sporcle quizzes.
OR
Log In

From the Vault

PGA Tour Wins 00-09

by Ben

'There's no game like golf: you go out with three friends, play eighteen holes, and return with three enemies'
Remove Ads.
Support Sporcle.
Get the best of Sporcle when you Go Orange. This ad-free experience offers more features, more stats, and more fun while also helping to support Sporcle. Thank you for becoming a member.

Show Comments

Extras

Created Mar 7, 2011ReportNominate
Tags:James Bond Quiz, bond, Extra, same

Top Quizzes Today


Score Distribution

Your Account Isn't Verified!

In order to create a playlist on Sporcle, you need to verify the email address you used during registration. Go to your Sporcle Settings to finish the process.

Report this User

Report this user for behavior that violates our Community Guidelines.

Details: